000 00291nam a22001337a 4500
008 170608b xxu||||| |||| 00| 0 eng d
020 _a0195635159
041 _aeng
080 _a32
100 _a17
101 _aSHP
245 _aINDIA'S POLITICAL ECONOMY
_cLEWIS, J.P
942 _2udc
_cBK
999 _c16531
_d16531